[Event "BIH-chT 21st"]
[Site "Sarajevo"]
[Date "2023.11.07"]
[Round "8.5"]
[White "Sajin, Mirko"]
[Black "Nikolic, Predrag"]
[Result "0-1"]
[WhiteElo "2310"]
[BlackElo "2531"]
[PlyCount "118"]
[EventDate "2023.10.31"]
[EventType "team-tourn"]
[EventRounds "9"]
[EventCountry "BIH"]
[SourceTitle "Mega2024 Update 01"]
[Source "Chessbase"]
[SourceDate "2023.11.12"]
[SourceVersion "1"]
[SourceVersionDate "2023.11.12"]
[SourceQuality "1"]
[WhiteTeam "Bihac"]
[BlackTeam "Sarajevo Bosna"]
[WhiteTeamCountry "BIH"]
[BlackTeamCountry "BIH"]

1. e4 g6 2. d4 d6 3. Nc3 c6 4. Be3 Bg7 5. Qd2 b5 6. Bd3 Nd7 7. Nf3 Nb6 8. 0-0 Bg4 9. Ne1 Nf6 10. h3 Bd7 11. Bh6 0-0 12. Bxg7 Kxg7 13. e5 Nfd5 14. Nxd5 Nxd5 15. Be4 Nb6 16. Nd3 Rc8 17. Rad1 Qc7 18. exd6 exd6 19. b3 Rfe8 20. Rfe1 Qd8 21. Bf3 Qf6 22. Qf4 Rxe1+ 23. Rxe1 Bf5 24. Re3 a5 25. g4 Bd7 26. g5 Qxf4 27. Nxf4 c5 28. c3 cxd4 29. cxd4 b4 30. Nd5 Nxd5 31. Bxd5 Kf8 32. Bc4 a4 33. h4 a3 34. d5 Re8 35. Rxe8+ Kxe8 36. Bd3 Bg4 37. Kg2 Bd1 38. Bb1 Kd7 39. Kg3 Kc7 40. Kf4 Kb6 41. Ke4 Kc5 42. f3 Be2 43. Bc2 Ba6 44. f4 Bf1 45. f5 Bh3 46. Kf4 Kxd5 47. h5 gxh5 48. Be4+ Kd4 49. f6 Be6 50. Bxh7 h4 51. Bg8 h3 52. Kg3 Ke5 53. g6 Kxf6 54. gxf7 Bxf7 55. Bxf7 Kxf7 56. Kxh3 Kf6 57. Kg2 Ke5 58. Kf1 Kd4 59. Ke1 Kc3 0-1

[Event "BIH-chT 20th"]
[Site "Neum"]
[Date "2022.09.15"]
[Round "6.3"]
[White "Dizdarevic, Emir"]
[Black "Nikolic, Predrag"]
[Result "0-1"]
[WhiteElo "2378"]
[BlackElo "2536"]
[PlyCount "62"]
[EventDate "2022.09.10"]
[EventType "team-tourn"]
[EventRounds "9"]
[EventCountry "BIH"]
[SourceTitle "CBM 210 Extra"]
[Source "ChessBase"]
[SourceDate "2022.11.30"]
[SourceVersion "1"]
[SourceVersionDate "2022.11.30"]
[SourceQuality "1"]
[WhiteTeam "Sarajevo Napredak"]
[BlackTeam "Sarajevo Bosna"]
[WhiteTeamCountry "BIH"]
[BlackTeamCountry "BIH"]

1. Nf3 d5 2. e3 Nf6 3. c4 c6 4. d4 e6 5. Nbd2 c5 6. cxd5 exd5 7. dxc5 Bxc5 8. Bb5+ Nc6 9. 0-0 0-0 10. Bxc6 bxc6 11. Qc2 Qb6 12. b3 Ba6 13. Re1 Be7 14. Bb2 c5 15. Ng5 g6 16. Qc3 Bb7 17. Ngf3 Rfd8 18. Qe5 Qd6 19. Rac1 Rac8 20. Red1 Qxe5 21. Nxe5 Ne8 22. Ndf3 Kf8 23. Rc2 Ng7 24. h4 f6 25. Nd3 Ne6 26. Kh2 Kf7 27. Ng1 Ba6 28. Ne2 c4 29. Ndf4 cxb3 30. Rxc8 Rxc8 31. axb3 Rc2 0-1

[Event "Bundesliga 2122"]
[Site "Germany"]
[Date "2022.07.09"]
[Round "13.3"]
[White "Anton Guijarro, David"]
[Black "Nikolic, Predrag"]
[Result "1-0"]
[WhiteElo "2694"]
[BlackElo "2541"]
[PlyCount "103"]
[EventDate "2022.03.05"]
[EventType "team-tourn"]
[EventRounds "15"]
[EventCountry "GER"]
[SourceTitle "CBM 209 Extra"]
[Source "ChessBase"]
[SourceDate "2022.09.30"]
[SourceVersion "1"]
[SourceVersionDate "2022.09.30"]
[SourceQuality "1"]
[WhiteTeam "Viernheim"]
[BlackTeam "Solingen"]
[WhiteTeamCountry "GER"]
[BlackTeamCountry "GER"]

1. Nf3 d5 2. e3 c5 3. b3 Nc6 4. Bb5 Bd7 5. Bb2 e6 6. c4 dxc4 7. bxc4 Nf6 8. 0-0 Be7 9. d4 0-0 10. Nbd2 Rc8 11. dxc5 a6 12. Ba4 Nb4 13. Rb1 Nd3 14. Bxf6 Bxf6 15. Bxd7 Qxd7 16. Ne4 Be7 17. Rb3 Rfd8 18. Qb1 f5 19. Nd6 Bxd6 20. cxd6 Nc5 21. Rb6 Qa4 22. Ne5 Qa5 23. d7 Nxd7 24. Nxd7 Rxd7 25. Rxb7 Rdc7 26. Rxc7 Qxc7 27. Rc1 Qc5 28. Qb7 Qc6 29. Qe7 h6 30. c5 Kh7 31. Qh4 Rb8 32. Qd4 Rb5 33. a4 Rb3 34. h3 a5 35. Rc4 Kg6 36. Qe5 Rb4 37. Rd4 Kh7 38. Rd6 Qe4 39. Qxe4 fxe4 40. Rd4 Rb1+ 41. Kh2 Rc1 42. Rxe4 Rxc5 43. f4 Kg8 44. Rxe6 Rc4 45. Kg3 Rxa4 46. Ra6 Kf7 47. Kf3 Ra1 48. g4 Rh1 49. Kg2 Re1 50. Kf2 Rh1 51. Rxa5 Rxh3 52. Rh5 1-0

[Event "Bundesliga 1920"]
[Site "Germany"]
[Date "2021.10.16"]
[Round "14.4"]
[White "Rozentalis, Eduardas"]
[Black "Nikolic, Predrag"]
[Result "1/2-1/2"]
[WhiteElo "2547"]
[BlackElo "2576"]
[PlyCount "43"]
[EventDate "2019.11.23"]
[EventType "team-tourn"]
[EventRounds "15"]
[EventCountry "GER"]
[SourceTitle "EXT 2022"]
[Source "ChessBase"]
[SourceDate "2021.10.06"]
[SourceVersion "1"]
[SourceVersionDate "2021.10.06"]
[SourceQuality "1"]
[WhiteTeam "Augsburg"]
[BlackTeam "Solingen"]
[WhiteTeamCountry "GER"]
[BlackTeamCountry "GER"]

1. e4 e6 2. d4 d5 3. Nd2 c5 4. Ngf3 Nf6 5. exd5 Nxd5 6. c3 Be7 7. dxc5 Nd7 8. Ne4 Nxc5 9. Nxc5 Bxc5 10. Bd3 Qc7 11. 0-0 0-0 12. Re1 Bd6 13. Bc2 Bd7 14. Qd3 g6 15. Bh6 Rfd8 16. Qd4 Bf8 17. Bxf8 Rxf8 18. Ne5 Nf6 19. Rad1 Bb5 20. Bb3 Rfd8 21. Qf4 Qe7 22. h3 1/2-1/2

[Event "NED-chT 2122"]
[Site "Netherlands"]
[Date "2021.10.09"]
[Round "2.3"]
[White "Piceu, Tom"]
[Black "Nikolic, Predrag"]
[Result "1/2-1/2"]
[WhiteElo "2355"]
[BlackElo "2544"]
[PlyCount "38"]
[EventDate "2021.09.18"]
[EventType "team-tourn"]
[EventRounds "9"]
[EventCountry "NED"]
[SourceTitle "EXT 2023"]
[Source "ChessBase"]
[SourceDate "2022.10.05"]
[SourceVersion "1"]
[SourceVersionDate "2022.10.05"]
[SourceQuality "1"]
[WhiteTeam "Sas van Gent"]
[BlackTeam "Leiden LSG"]
[WhiteTeamCountry "NED"]
[BlackTeamCountry "NED"]

1. d4 Nf6 2. c4 e6 3. Nf3 Bb4+ 4. Bd2 a5 5. a3 Bxd2+ 6. Qxd2 b6 7. Nc3 Bb7 8. Qf4 0-0 9. e4 d6 10. 0-0-0 Qe7 11. e5 Nfd7 12. Bd3 dxe5 13. dxe5 h6 14. Rhe1 Nc5 15. Bc2 Nba6 16. Re3 Rad8 17. Nd4 f5 18. exf6 Qxf6 19. Qxf6 Rxf6 1/2-1/2

[Event "Bundesliga 1920 final"]
[Site "Karlsruhe"]
[Date "2020.09.19"]
[Round "6.6"]
[White "Polzin, Rainer"]
[Black "Nikolic, Predrag"]
[Result "0-1"]
[WhiteElo "2415"]
[BlackElo "2562"]
[PlyCount "142"]
[EventDate "2020.09.16"]
[EventType "team-tourn"]
[EventRounds "7"]
[EventCountry "GER"]
[SourceTitle "CBM 198 Extra"]
[Source "ChessBase"]
[SourceDate "2020.11.30"]
[SourceVersion "1"]
[SourceVersionDate "2020.11.30"]
[SourceQuality "1"]
[WhiteTeam "Berlin SF"]
[BlackTeam "Solingen"]
[WhiteTeamCountry "GER"]
[BlackTeamCountry "GER"]

1. e4 e6 2. d4 d5 3. Nc3 Bb4 4. e5 c5 5. a3 Bxc3+ 6. bxc3 Qa5 7. Bd2 Qa4 8. Qb1 c4 9. Nf3 Nc6 10. Be2 Nge7 11. 0-0 Bd7 12. Qb2 0-0-0 13. Rae1 h6 14. h3 Kb8 15. Nh2 Rc8 16. Ng4 Nd8 17. Ne3 Rc6 18. Qb4 Qxb4 19. axb4 Ra6 20. g4 f6 21. f4 fxe5 22. dxe5 g6 23. Ra1 Rxa1 24. Rxa1 Nf7 25. Ng2 b6 26. Ne1 g5 27. Nf3 gxf4 28. Bxf4 Ng6 29. Bg3 Ng5 30. Kh2 Ne4 31. Nh4 Be8 32. Nxg6 Bxg6 33. Be1 Rf8 34. Kg2 Ng5 35. h4 Be4+ 36. Kg3 Nf3 37. Bf2 Nxh4 38. Be3 Ng6 39. Bxh6 Rf7 40. Be3 Kb7 41. Bd4 Bxc2 42. Bf3 Kc6 43. Ra2 Be4 44. Bd1 Rf1 45. Ba4+ Kb7 46. Rf2 Rxf2 47. Kxf2 Kc7 48. Kg3 Kd8 49. Bd1 Ke7 50. Ba4 Kf7 51. Bd1 Bd3 52. Ba4 Be2 53. Bc2 Bd3 54. Ba4 Bb1 55. Bd1 Ba2 56. Bc2 Ne7 57. Kf4 Bb3 58. Bb1 Bd1 59. Bf2 Be2 60. Bh4 Nc6 61. Bf2 Bd3 62. b5 Na5 63. Bxd3 cxd3 64. Ke3 Kg6 65. Bh4 Nc4+ 66. Kxd3 Nxe5+ 67. Kc2 Nxg4 68. Bd8 Kf7 69. Bc7 Ke7 70. Kd3 Kd7 71. Bg3 e5 0-1

[Event "Bundesliga 1920 final"]
[Site "Karlsruhe"]
[Date "2020.09.18"]
[Round "4.7"]
[White "Nikolic, Predrag"]
[Black "Vallejo Pons, Francisco"]
[Result "0-1"]
[WhiteElo "2562"]
[BlackElo "2710"]
[PlyCount "86"]
[EventDate "2020.09.16"]
[EventType "team-tourn"]
[EventRounds "7"]
[EventCountry "GER"]
[SourceTitle "CBM 198 Extra"]
[Source "ChessBase"]
[SourceDate "2020.11.30"]
[SourceVersion "1"]
[SourceVersionDate "2020.11.30"]
[SourceQuality "1"]
[WhiteTeam "Solingen"]
[BlackTeam "Baden-Baden"]
[WhiteTeamCountry "GER"]
[BlackTeamCountry "GER"]

1. d4 g6 2. Nf3 Bg7 3. g3 c5 4. Bg2 cxd4 5. Nxd4 Nc6 6. Nb3 d6 7. c4 Be6 8. c5 dxc5 9. Bxc6+ bxc6 10. Qxd8+ Rxd8 11. Nxc5 Bh3 12. Nc3 Nh6 13. Bd2 0-0 14. Rc1 Ng4 15. Nd1 Bd4 16. Nb3 Bb6 17. Ne3 Ne5 18. Nc5 Rd4 19. Nb3 Ra4 20. a3 Rb8 21. Bb4 a5 22. Bc5 Nd7 23. Bxb6 Rxb6 24. Rc3 Be6 25. Nc1 Rxb2 26. 0-0 c5 27. Nd3 Rb3 28. Rc2 Rbxa3 29. Rfc1 Ra2 30. Rc3 Rxe2 31. Nf4 Rd2 32. Nxe6 fxe6 33. Nc4 Rd5 34. Rb3 Rd4 35. Ne3 Rab4 36. Ra3 a4 37. Rcc3 e5 38. Nc2 Kg7 39. Ra2 Rb3 40. Nxd4 Rxc3 41. Nc6 a3 42. Kf1 Nb6 43. Nxe5 Nd5 0-1

[Event "NED-chT 1920"]
[Site "Netherlands"]
[Date "2020.03.07"]
[Round "6.1"]
[White "Van Foreest, Jorden"]
[Black "Nikolic, Predrag"]
[Result "1-0"]
[WhiteElo "2667"]
[BlackElo "2580"]
[PlyCount "71"]
[EventDate "2019.09.28"]
[EventType "team-tourn"]
[EventRounds "9"]
[EventCountry "NED"]
[SourceTitle "CBM 195 Extra"]
[Source "ChessBase"]
[SourceDate "2020.05.31"]
[SourceVersion "1"]
[SourceVersionDate "2020.05.31"]
[SourceQuality "1"]
[WhiteTeam "Kennemer Combinatie"]
[BlackTeam "Leiden LSG"]
[WhiteTeamCountry "NED"]
[BlackTeamCountry "NED"]

1. e4 e6 2. d4 d5 3. Nc3 Bb4 4. e5 c5 5. a3 Bxc3+ 6. bxc3 Qc7 7. Qg4 Kf8 8. Nf3 cxd4 9. Rb1 Ne7 10. a4 Qxc3+ 11. Kd1 Bd7 12. Rxb7 Qc8 13. Rb1 Nbc6 14. Ba3 Kg8 15. Bd3 Ng6 16. Bd6 a5 17. h4 h5 18. Qg5 Nb4 19. Ke2 Bxa4 20. Nxd4 Nxc2 21. Nf3 Qc3 22. Rhc1 Rh6 23. g3 Nd4+ 24. Nxd4 Qxd4 25. Bb8 Bd7 26. Rb7 Nf8 27. f3 f6 28. exf6 Qxf6 29. Be5 Qf7 30. Rcc7 a4 31. Ra7 Rxa7 32. Rxa7 a3 33. Rxa3 Bc6 34. Rc3 Bd7 35. Rc7 d4 36. Kf2 1-0

[Event "Leiden Noteboom 80th"]
[Site "Leiden"]
[Date "2020.02.28"]
[Round "1"]
[White "Huebner, Robert"]
[Black "Nikolic, Predrag"]
[Result "1/2-1/2"]
[WhiteElo "2576"]
[BlackElo "2571"]
[PlyCount "94"]
[EventDate "2020.02.28"]
[EventType "tourn (rapid)"]
[EventRounds "6"]
[EventCountry "NED"]
[EventCategory "13"]
[SourceTitle "CBM 195 Extra"]
[Source "ChessBase"]
[SourceDate "2020.05.31"]
[SourceVersion "1"]
[SourceVersionDate "2020.05.31"]
[SourceQuality "1"]

1. d4 Nf6 2. Nf3 e6 3. g3 b5 4. Bg2 Bb7 5. 0-0 c5 6. c3 h6 7. Nbd2 cxd4 8. cxd4 Be7 9. Re1 0-0 10. e4 d6 11. b3 Nc6 12. Bb2 Nb4 13. Bf1 Rc8 14. Rc1 Rxc1 15. Qxc1 Nxa2 16. Qb1 Qa5 17. Qd3 Nb4 18. Qxb5 Qxb5 19. Bxb5 a6 20. Bf1 Rc8 21. e5 Nd7 22. Rc1 Rxc1 23. Bxc1 dxe5 24. dxe5 Nc5 25. Ba3 Nxb3 26. Nxb3 Bxf3 27. Bxa6 Kf8 28. Nd4 Nxa6 29. Bxe7+ Kxe7 30. Nxf3 Nb4 31. Nd4 Kd7 32. f4 Nc6 33. Nc2 Ne7 34. Kf2 Kc6 35. Ke3 Kd5 36. Kd3 Nf5 37. g4 Nh4 38. Ne3+ Kc5 39. Ke4 g6 40. f5 gxf5+ 41. gxf5 exf5+ 42. Nxf5 Nxf5 43. Kxf5 Kd5 44. h4 h5 45. Kf6 Ke4 46. Kxf7 Kxe5 47. Kg6 Ke6 1/2-1/2

[Event "NED-chT 1920"]
[Site "Netherlands"]
[Date "2019.12.14"]
[Round "4.1"]
[White "Beerdsen, Thomas"]
[Black "Nikolic, Predrag"]
[Result "0-1"]
[WhiteElo "2482"]
[BlackElo "2580"]
[PlyCount "126"]
[EventDate "2019.09.28"]
[EventType "team-tourn"]
[EventRounds "9"]
[EventCountry "NED"]
[SourceTitle "EXT 2022"]
[Source "ChessBase"]
[SourceDate "2021.10.06"]
[SourceVersion "1"]
[SourceVersionDate "2021.10.06"]
[SourceQuality "1"]
[WhiteTeam "Apeldoorn MuConsult"]
[BlackTeam "Leiden LSG"]
[WhiteTeamCountry "NED"]
[BlackTeamCountry "NED"]

1. e4 e6 2. d4 d5 3. Nc3 Bb4 4. e5 c5 5. a3 Bxc3+ 6. bxc3 Qa5 7. Bd2 Qa4 8. Qg4 g6 9. Nf3 Nc6 10. Qf4 c4 11. Be2 h6 12. 0-0 Qxc2 13. Bd1 Qb2 14. Ba4 Qb6 15. Rfb1 Qc7 16. h4 Bd7 17. Bxc6 Bxc6 18. a4 a5 19. Bc1 Rh7 20. Qd2 Qd7 21. Qb2 Kf8 22. Qb6 Kg7 23. Ba3 Kh8 24. Nh2 Ra6 25. Qc5 Qd8 26. Ng4 Ra8 27. g3 f5 28. exf6 Nxf6 29. f3 Nxg4 30. fxg4 Qc7 31. Kg2 Rf7 32. Rf1 Rxf1 33. Rxf1 b6 34. Qd6 Qxd6 35. Bxd6 Bxa4 36. Rf8+ Rxf8 37. Bxf8 Kh7 38. g5 hxg5 39. hxg5 Bd1 40. Bd6 b5 41. Kf2 Kg8 42. Ke1 Bg4 43. Kd2 Kf7 44. Kc1 e5 45. Bxe5 b4 46. Bc7 a4 47. Ba5 bxc3 48. Kc2 Ke6 49. Bb4 Kf5 50. Be7 Bf3 51. Kxc3 Kg4 52. Kc2 Kxg3 53. Ba3 Be4+ 54. Kc3 Kg4 55. Bc1 a3 56. Be3 Bb1 57. Bc1 a2 58. Kb2 Kf3 59. Ka1 Ke4 60. Bb2 Ke3 61. Bc3 Kd3 62. Bb2 Bc2 63. Bc3 Kxc3 0-1

[Event "Leiden Crown 13th"]
[Site "Leiden"]
[Date "2019.07.18"]
[Round "6"]
[White "Nikolic, Predrag"]
[Black "Sengupta, Deep"]
[Result "1-0"]
[WhiteElo "2574"]
[BlackElo "2558"]
[PlyCount "113"]
[EventDate "2019.07.12"]
[EventType "tourn"]
[EventRounds "9"]
[EventCountry "NED"]
[EventCategory "10"]
[SourceTitle "EXT 2020"]
[Source "ChessBase"]
[SourceDate "2019.10.17"]
[SourceVersion "1"]
[SourceVersionDate "2019.10.17"]
[SourceQuality "1"]

1. Nf3 e6 2. g3 b5 3. d4 Bb7 4. Bg2 Nf6 5. 0-0 c5 6. c3 cxd4 7. cxd4 Be7 8. Bg5 0-0 9. Nbd2 d6 10. Nb3 Nbd7 11. Qd3 Qb6 12. Rfc1 Be4 13. Qc3 a5 14. Bxf6 Nxf6 15. Nbd2 Bb7 16. Qd3 Rac8 17. e4 d5 18. e5 Ne4 19. Nf1 b4 20. Ne3 Ba6 21. Qd1 f5 22. exf6 gxf6 23. Bf1 Bxf1 24. Qxf1 f5 25. Rxc8 Rxc8 26. Rc1 Rf8 27. Qd3 f4 28. Ng4 Bd6 29. Rc2 a4 30. Kg2 b3 31. axb3 axb3 32. Re2 Qb7 33. Nge5 Kh8 34. Kf1 Bb8 35. g4 Rc8 36. Qd1 Qb5 37. Nd3 Ba7 38. Kg2 Rf8 39. h3 Qb7 40. Re1 Qg7 41. Nde5 Rc8 42. Re2 Kg8 43. Qxb3 Kh8 44. Rc2 Rf8 45. Qa4 h5 46. Qa6 hxg4 47. hxg4 Bxd4 48. Qxe6 Bxe5 49. Qxe5 Qxe5 50. Nxe5 Kg8 51. f3 Ng5 52. Rc6 Nh7 53. Rg6+ Kh8 54. b4 Nf6 55. b5 Kh7 56. b6 Re8 57. b7 1-0

[Event "Leiden Crown 13th"]
[Site "Leiden"]
[Date "2019.07.13"]
[Round "2"]
[White "Pijpers, Arthur"]
[Black "Nikolic, Predrag"]
[Result "0-1"]
[WhiteElo "2474"]
[BlackElo "2574"]
[PlyCount "78"]
[EventDate "2019.07.12"]
[EventType "tourn"]
[EventRounds "9"]
[EventCountry "NED"]
[EventCategory "10"]
[SourceTitle "EXT 2020"]
[Source "ChessBase"]
[SourceDate "2019.10.17"]
[SourceVersion "1"]
[SourceVersionDate "2019.10.17"]
[SourceQuality "1"]

1. e4 e5 2. Nf3 Nc6 3. Bc4 Nf6 4. d4 exd4 5. 0-0 d6 6. Nxd4 Be7 7. Nc3 0-0 8. h3 Re8 9. Nxc6 bxc6 10. Qf3 Bf8 11. Bg5 Be6 12. Bb3 Be7 13. Ba4 Nd7 14. Bxe7 Rxe7 15. Qg3 Rb8 16. f4 Bc4 17. Rf2 Rb6 18. Bb3 Ba6 19. Rd1 Qe8 20. e5 Nc5 21. Rfd2 Nxb3 22. axb3 d5 23. Ne4 Qf8 24. Nc5 Bc8 25. Ra1 Re8 26. Qf2 Rb5 27. Nd3 a5 28. f5 d4 29. g4 Rd5 30. Ra4 Ba6 31. Rxd4 Bxd3 32. R4xd3 Rdxe5 33. Rd7 h6 34. Qd4 h5 35. Rxc7 hxg4 36. hxg4 Rd5 37. Qf2 Qb4 38. Rxd5 Qxg4+ 39. Kh2 cxd5 0-1